00801nam a22002417a 45000010005000000030006000050050017000110080041000280200018000690400029000870500016001160820008001321000025001402450048001652600043002133000058002564900025003145050007003395200147003465210028004935210018005216500020005397381FISKH20260323152457.0250711b cb ||||| |||| 00| 0 eng d a9781481437349 aFISKHbengcFISKHdFISKH aPZ7.P3738 M a577 aPendergrass, Daphne  aMeet the Penguins! /cby Daphne Pendergrass aNew York : bSimon Spotlight, c2014.  a24 unnumbered pages : bcolor illustrations ; c21 cm aDream works penguins aP  aIntroduces the penguins of Madagascar--Skipper, Kowalski, Rico, and Private--and describes their continued plight to escape to the South Pole.8 a650 bLexile Adjusted 8 aP bRaz-Plus  aWinnie the Twit